zpět

Detail výsledku týmu

Spirit Bar - Žižkov, Praha

Datum a čas kvízu

36 Celkem bodů Celkový počet nahraných bodů na tomto kvízu bez doplňovacích otázek.
1. Pořadí na kvízu Konečné umístění týmu na tomto kvízu.

Zaznamenané odpovědi

# Otázka Odpověď Body Výsledky
1. Jeden z ministrů české vlády s... Robert Plaga 0
2. Vláda jednoho z karibských ost... Barbados 0
3. Jistá 26letá česká zpěvačka, z... Markéta Konvičková 0
4. Cena Ig Nobel Prize, tedy jaká... helium 1
5. V minulém týdnu odstartoval no... Vítkovice a Litvínov 0.5
6. Po dějinách Ukrajiny, které js... Štěpán I. (Svatý) 0
7. Jak se nazývá město v jižním M... Moháč 1
8. Jak se jmenoval dočasný státní... Maďarská republika rad 1
9. Liberální pojetí socialismu sp... gulášový socialismus/komunismus 1
10. Napište šestipísmennou zkratku... Fidesz 1